| 000 | 00619nam a2200205 a 4500 | ||
|---|---|---|---|
| 005 | 20210223125944.0 | ||
| 008 | 060606s2003 mx r 000 0 spa d | ||
| 020 | _a9702603854 | ||
| 035 | _aUPN01000145180 | ||
| 049 | _aCG | ||
| 050 | 4 |
_aQA76.76 M5.2 _bCH2.2 |
|
| 100 | 1 | _aChappell, David | |
| 245 | 1 | 0 |
_aAplique.NET / _cDavid Chappell ; tr. David Garza Marín. |
| 260 |
_aMéxico : _bPearson Educación, _c2003. |
||
| 300 |
_a344 p. : _bil. |
||
| 650 | 4 |
_aMICROSOFT.NET FRAMEWORK _910696 |
|
| 650 | 4 |
_aPROGRAMACION EN INTERNET _9286 |
|
| 650 | 4 |
_aPROGRAMAS PARA COMPUTADORA - _xDESARROLLO _910697 |
|
| 905 | _aLibro | ||
| 999 |
_c117327 _d117327 |
||